Sports Quiz

Random Sports Quiz

History of the Gators Quiz Stats

 Plays Quiz not verified by Sporcle

Challenge
Share
Tweet
Embed
Score 0/10 Timer 01:00
0 Plays Today
fact fact % Correct
Who was the coach from 1990-2001?spurrier
87.3%
What is a nickname for the home of the gators?the swamp
60%
Who is the current coach?muschamp
56.4%
What quarterback led the team to win the 2007 national championship?chris leak
56.4%
Which alumni now plays for an NFL team and now has a word in the dictionary?tim tebow
50.9%
What was the gators overall record in 2008?13-1
49.1%
What is the name of the stadium?ben-hill griffin stadium
45.5%
Who was the coach from 19270-78?dickey
20%
What jerseys were once retired, but brought back during the Spurrier era?11 and 55
10.9%
Winter formal?yes
9.1%

You're not logged in!

Compare scores with friends on all Sporcle quizzes.
Join for Free
OR
Log In

You Might Also Like...

Show Comments

Extras

Created Jan 12, 2012ReportNominate
Tags:gator

Top Quizzes Today


Score Distribution

Your Account Isn't Verified!

In order to create a playlist on Sporcle, you need to verify the email address you used during registration. Go to your Sporcle Settings to finish the process.

Report this User

Report this user for behavior that violates our Community Guidelines.

Details: